000 00924nas a2200277Ia 4500
001 R107/44487
003 IT-RoPAU
008 151124c99999999xx |||||||||||| ||und||
040 _aIT-RoPAU
040 _cIT-RoPAU
041 _aFRANCESE
100 _aRay Funkhouser G.
_gCodice Aut. SPICS: 28843
210 _aCOMMUNICATION ET LANGAGES
222 _aCommunication Et Langages
245 _aCOMMUNICATION ET LANGAGES, N.15 (1972)
_bInformation Scientifique Et Lisibilite'
250 _a1a ed.
260 _aPARIS
_bRETZ/CEPL
_c1972
501 _bPaulus - SPICS - SocietĂ  San Paolo EM (non-commercial uses only)
_cCopyright2015
300 _a10 p. [5-14]
362 _aN.15 (1972)
500 _aInformazione-Scientifica-E-LeggibilitĂ  Indici-Di-LeggibilitĂ 
650 _aCOMUNICAZIONE - LINGUAGGIO
_vPUBBLICAZIONE PERIODICA
700 _aMaccaby Nathan
700 _gCodice Aut. SPICS: 29584
942 _cCR
999 _c196290
_d196290